Online
Catalog

El nuevo derecho. / (Record no. 13495)

MARC details
000 -CABECERA
campo de control de longitud fija 00931cam a22002651 4500
001 - NÚMERO DE CONTROL
campo de control 000013889
005 - FECHA Y HORA DE LA ÚLTIMA TRANSACCIÓN
campo de control 20200929163404.0
008 - DATOS DE LONGITUD FIJA--INFORMACIÓN GENERAL
campo de control de longitud fija 860304s1934 ag 000 0 spa
010 ## - NÚMERO DE CONTROL DE LA BIBLIOTECA DEL CONGRESO
Número de control de LC 35018276
035 ## - NÚMERO DE CONTROL DEL SISTEMA
Número de control de sistema (OCoLC)13233970
040 ## - FUENTE DE LA CATALOGACIÓN
Centro catalogador/agencia de origen DO-SdBNP
Centro/agencia transcriptor CU
Centro/agencia modificador CU
-- DLC
042 ## - CÓDIGO DE AUTENTICACIÓN
Código de autenticación premarc
050 00 - SIGNATURA TOPOGRÁFICA DE LA BIBLIOTECA DEL CONGRESO
Número de clasificación HD7809
Número de documento/Ítem .P3 1934
100 1# - ENTRADA PRINCIPAL--NOMBRE DE PERSONA
Nombre de persona Palacios, Alfredo L.
Forma completa/desarrollada del nombre (Alfredo Lorenzo),
Fechas asociadas al nombre 1879-1965.
9 (RLIN) 31469
245 13 - MENCIÓN DE TÍTULO
Título El nuevo derecho. /
Mención de responsabilidad, etc. Prologos de Manuel B. Gonnet y Carlos Sanchez Viamonte.
250 ## - MENCIÓN DE EDICIÓN
Mención de edición 3. ed.
260 ## - PUBLICACIÓN, DISTRIBUCIÓN, ETC.
Lugar de publicación, distribución, etc. Buenos Aires, :
Nombre del editor, distribuidor, etc. Editorial Claridad,
Fecha de publicación, distribución, etc. [1934?].
300 ## - DESCRIPCIÓN FÍSICA
Extensión 379, [3] p. ;
Dimensiones 24 cm.
490 0# - MENCIÓN DE SERIE
Mención de serie Coleccion Claridad. "Ciencias sociales" 2. ser.
500 ## - NOTA GENERAL
Nota general At head of title: Alfredo L. Palacios.
650 #0 - PUNTO DE ACCESO ADICIONAL DE MATERIA--TÉRMINO DE MATERIA
Término de materia o nombre geográfico como elemento de entrada Labor laws and legislation.
9 (RLIN) 29685
650 #0 - PUNTO DE ACCESO ADICIONAL DE MATERIA--TÉRMINO DE MATERIA
Término de materia o nombre geográfico como elemento de entrada Industrial laws and legislation.
9 (RLIN) 31470
650 #0 - PUNTO DE ACCESO ADICIONAL DE MATERIA--TÉRMINO DE MATERIA
Término de materia o nombre geográfico como elemento de entrada Labor laws and legislation
Subdivisión geográfica Argentina.
9 (RLIN) 31471
910 ## - DATOS DE OPCIÓN DEL USUARIO (OCLC)
Datos de opción del usuario Catalogación derivada
Holdings
Estado de retiro Estado de pérdida Restricciones de uso No para préstamo Código de colección Localización permanente Ubicación/localización actual Ubicación en estantería Fecha de adquisición Número de inventario Total de préstamos Signatura topográfica completa Código de barras Fecha visto por última vez Precio válido a partir de Tipo de ítem Koha
    Préstamo interno   Monografías: Libros y Folletos General General En catalogación 01.12.2009 LF1   13889-10 25.06.2020 25.06.2020 Préstamo interno

Powered by Koha